| 000 | 00660nam a2200193 a 4500 | ||
|---|---|---|---|
| 001 | 000036446 | ||
| 005 | 20200930075733.0 | ||
| 008 | 120118s1995 ag a 000 0 spa d | ||
| 020 | _a9502406834 | ||
| 040 |
_aDO-SdBNP _bspa _cBNPHU |
||
| 082 |
_axxxx _bxxxx |
||
| 100 | 1 |
_aKusmin, Otilia _962663 |
|
| 245 | 1 | 3 |
_aLa nueva cocina dulce : _brepostería y panadería / _cOtilia Kusmin ; prólogo Fernando Vidal Buzzi. |
| 260 |
_aBuenos Aires, Argentina, : _bAlbastros, _c1995. |
||
| 300 |
_a254 p. : _bil. ; _c22 cm. |
||
| 500 | _aIncluye notas al pie de las páginas e índices | ||
| 504 | _aBibliografía : p. 244 | ||
| 700 | 1 |
_aVidal Buzzi, Fernando, _etr. _962664 |
|
| 999 |
_c35937 _d35937 |
||